Vista normal
Vista MARC
- Iglesia Católica-
Entrada Corporate Name
Número de registros utilizados en: 1
001 - CONTROL NUMBER
- control field: 26568
003 - CONTROL NUMBER IDENTIFIER
- control field: ES-SlBCS
005 - DATE AND TIME OF LATEST TRANSACTION
- control field: 20260620090334.0
008 - FIXED-LENGTH DATA ELEMENTS
- fixed length control field: 260620|| aca||aabn | a|a d
040 ## - CATALOGING SOURCE
- Original cataloging agency: ES-SlBCS
- Transcribing agency: ES-SlBCS
110 ## - HEADING--CORPORATE NAME
- Corporate name or jurisdiction name as entry element: Iglesia Católica-
- Geographic subdivision: México-
- General subdivision: Historia-
- General subdivision: Fuentes
670 ## - SOURCE DATA FOUND
- Source citation: Work cat.: (ES-SlBCS)0: Córdoba, Pedro de 26566, Doctrina cristiana para instrucción de los indios. , 1987
